| 000 | 01750cam a2200349 a 4500 | ||
|---|---|---|---|
| 001 | ocn797084566 | ||
| 003 | OSt | ||
| 005 | 20150512112606.0 | ||
| 008 | 120621t2014 mau frbd 001 0 eng d | ||
| 020 | _a9781449690991 (pbk.) | ||
| 020 | _a1449690998 (pbk.) | ||
| 020 | _a9781449697495 | ||
| 020 | _a1449697496 | ||
| 040 |
_aDNLM/DLC _beng _cDLC _dYDX _dNLM _dYDXCP _dBWX _dPAU _dVET _dOCLCO _dMNE _dCDX _dVET _dEG-ScBUE |
||
| 082 | 0 | 4 |
_a610.73 _222 _bBRO |
| 100 | 1 |
_aBrown, Sarah Jo _937843 |
|
| 245 | 1 | 0 |
_aEvidence-based nursing : _bthe research-practice connection / _cSarah Jo Brown. |
| 250 | _a3rd ed. | ||
| 260 |
_aBurlington : _bJones & Bartlett Learning, _cc.2014. |
||
| 300 |
_axiv, 461 p. ; _c24 cm. |
||
| 500 | _aGlossary : p. 435-445. | ||
| 500 | _aIndex : p. 447-461. | ||
| 500 | _aIncludes online access code. | ||
| 504 | _aIncludes bibliographical references. | ||
| 505 | 0 | _aThe research practice connection -- Research evidence -- Reading research articles -- Qualitative research -- Descriptive research -- Correlational research -- Experimental research -- Cohort research -- Systematic reviews -- Evidence-based clinical practice guidelines -- Asking clinical questions -- Searching for research evidence -- Appraising research evidence -- Appraising recommendations of clinical practice guidelines -- Appraising conclusions of integrative research reviews -- Appraising findings of original studies -- Evidence-based practice -- Evidence-based practice participation scenarios -- Research-informed practice. | |
| 650 | 7 |
_aEvidence-based nursing. _2BUEsh _927247 |
|
| 650 | 7 |
_aNursing _xResearch _xMethodology. _2BUEsh _936305 |
|
| 651 | _2BUEsh | ||
| 653 |
_bNNUR _cMay2015 |
||
| 655 |
_vreading book _934232 |
||
| 942 | _2ddc | ||
| 999 |
_c19280 _d19252 |
||